000 00489nam a2200193 a 4500
001 1775556767314
003 YourLibrary
005 20260407154420.0
008 260407s1992##################000#0#eng##
020 _a9780080377759
082 0 4 _a361.1
_bLI
100 1 _aLiebrand, Wim B. G.,
_eauthor.
245 1 0 _aSocial Dilemmas :
260 _bGarland Science,
_c1992.
300 _a334 pages
650 0 _aPsychology.
942 _cENGLISH
040 _aYourLibrary
_beng
_cYourLibrary
999 _c618863
_d618863